000 00296nam a2200121Ia 4500
005 20251222141833.0
008 251222s9999||||xx |||||||||||||| ||spa||
082 _a598/N94
100 _aNuñez Díaz, Laura
245 0 _aAves de los Humedales de Ventanilla:
264 _bAlternativa
942 _cLIB
999 _c7166
_d7166